000 00899njm a22002657a 4500
005 20100901104054.0
006 a|||||r|||||00| 0
007 sd ammalaaahaa
008 100901t xxu||||| |||| 00| 0 eng d
028 _aN. 19028
_bHis Master's Voice
028 _aOMH. 9641
_bHis Master's Voice
028 _aOMH. 9640
_bHis Master's Voice
035 _aGR-156
040 _aSED/VEN
100 _aHabib Ali Khan
_917834
245 _aInstrumental Part 1 /
_cby Habib Ali Khan [and] Binkar
_h[sound recording] :
260 _aDum Dum, India
_bHis Master's Voice
300 _a1 sound disc :
_banalog, 33 1/3 rpm
_c10 in.
500 _aBrief record
505 _aInstrumental Part 2
650 _aClassical music
_xExcerpts
_zIndia
_917835
700 _aBinkar
_917888
942 _2ddc
_cGR
999 _c43295
_d43295